| 000 | 00413nam a2200169Ia 4500 | ||
|---|---|---|---|
| 008 | 230524s9999 xx 000 0 und d | ||
| 020 | _a8120323556 | ||
| 082 |
_a4.133 _bSTA |
||
| 100 | _aWilliam Stallings | ||
| 245 | 0 | _aData And Computer Communications | |
| 250 | _a7TTH | ||
| 260 |
_aNEW DELHI _bPrintice Hall _c2004 |
||
| 300 | _aXV847 | ||
| 500 | _aQuantity Number: 70 | ||
| 650 | _aComp-Sc | ||
| 942 | _cBK | ||
| 999 |
_c6653 _d6653 |
||